Equity letter

Detalles Bibliográficos
Formato: Electrónico Revista
Lenguaje:inglés
Publicado: London : Euromoney Trading
Materias:
Acceso en línea:Full text available from Research Library: 08/26/1997 to 08/26/1997

MARC

LEADER 00000nas a2200000 i 4500
001 ssj0001072212
003 WaSeSS
005 20200512172242.0
006 m d
007 cr n
008 131214u19uuuuuuenka| p|s|||||| |0eng d
035 |a (WaSeSS)ssj0001072212 
040 |a WaSeSS  |b eng  |c WaSeSS  |d WaSeSS 
050 1 4 |a K247 
245 0 0 |a Equity letter  |h [electronic resource]. 
260 |a London :  |b Euromoney Trading 
310 |a Annual 
506 |a License restrictions may limit access. 
588 |a Description based on: Volume 1 (16) (August 26, 1997); title from title screen (ProQuest, viewed Dec. 14, 2013). 
588 |a Latest issue consulted: Volume 1 (16) (August 26, 1997) (viewed Dec. 14, 2013). 
650 0 |a Equity  |v Periodicals. 
650 0 |a Labor unions  |v Periodicals. 
650 0 |a Investments  |v Periodicals. 
655 0 |a Electronic journals. 
856 4 0 |z Full text available from Research Library: 08/26/1997 to 08/26/1997  |u https://search.proquest.com/publication/32260